<?xml version="1.0" encoding="UTF-8"?><?xml-stylesheet type="text/xsl" href="static/style.xsl"?><OAI-PMH xmlns="http://www.openarchives.org/OAI/2.0/" xmlns:xsi="http://www.w3.org/2001/XMLSchema-instance" xsi:schemaLocation="http://www.openarchives.org/OAI/2.0/ http://www.openarchives.org/OAI/2.0/OAI-PMH.xsd"><responseDate>2026-04-13T18:09:51Z</responseDate><request verb="GetRecord" identifier="oai:www.recercat.cat:2117/372688" metadataPrefix="marc">https://recercat.cat/oai/request</request><GetRecord><record><header><identifier>oai:recercat.cat:2117/372688</identifier><datestamp>2025-07-24T18:15:10Z</datestamp><setSpec>com_2072_1033</setSpec><setSpec>col_2072_452951</setSpec></header><metadata><record xmlns="http://www.loc.gov/MARC21/slim" xmlns:dcterms="http://purl.org/dc/terms/" xmlns:xsi="http://www.w3.org/2001/XMLSchema-instance" xmlns:doc="http://www.lyncode.com/xoai" xsi:schemaLocation="http://www.loc.gov/MARC21/slim http://www.loc.gov/standards/marcxml/schema/MARC21slim.xsd">
   <leader>00925njm 22002777a 4500</leader>
   <datafield ind2=" " ind1=" " tag="042">
      <subfield code="a">dc</subfield>
   </datafield>
   <datafield ind2=" " ind1=" " tag="720">
      <subfield code="a">Canals Ordeig, Alexandre</subfield>
      <subfield code="e">author</subfield>
   </datafield>
   <datafield ind2=" " ind1=" " tag="260">
      <subfield code="c">2022-07</subfield>
   </datafield>
   <datafield ind2=" " ind1=" " tag="520">
      <subfield code="a">Aquest tfg té l’objectiu de dissenyar un sistema d`absorció d`energia cinètica procedent del moviment de capcineig d`una embarcació d`esbarjo durant la navegació, per mitjà d`un dispositiu de captura longitudinal, concretament d’un veler. aquest prototip per tal de treure profit del balanceig generat per l’onatge pretén instal·lar un generador linear a la part inferior de l’embarcació amb una part mòbil la qual es desplaçarà amb la freqüència de les ones amb un cert desfasament. es vol dissenyar aquest sistema per tal de contribuir positivament al medi ambient, i d’augmentar considerablement l’estalvi de combustible. Cal prendre consciencia i entendre que la situació ambiental és critica, per això aquest prototip pot aportar el seu gra de sorra a la descarbonització. a part de ser un prototip que pot generar un impacte positiu al medi ambient, també aporta aspectes positius referents a la navegació, com el trimat i estabilitat de l’embarcació. A demés farà que els trajectes transoceànics siguin més senzills i permetrà que els tripulants es centrin en la navegació.</subfield>
   </datafield>
   <datafield tag="653" ind2=" " ind1=" ">
      <subfield code="a">Àrees temàtiques de la UPC::Nàutica::Enginyeria naval</subfield>
   </datafield>
   <datafield tag="653" ind2=" " ind1=" ">
      <subfield code="a">Àrees temàtiques de la UPC::Energies</subfield>
   </datafield>
   <datafield tag="653" ind2=" " ind1=" ">
      <subfield code="a">Marine engineering</subfield>
   </datafield>
   <datafield tag="653" ind2=" " ind1=" ">
      <subfield code="a">Energia cinètica</subfield>
   </datafield>
   <datafield tag="653" ind2=" " ind1=" ">
      <subfield code="a">Electromagnetisme</subfield>
   </datafield>
   <datafield tag="653" ind2=" " ind1=" ">
      <subfield code="a">Imants permanents</subfield>
   </datafield>
   <datafield tag="653" ind2=" " ind1=" ">
      <subfield code="a">Generador lineal</subfield>
   </datafield>
   <datafield tag="653" ind2=" " ind1=" ">
      <subfield code="a">Onades -- Energia</subfield>
   </datafield>
   <datafield tag="653" ind2=" " ind1=" ">
      <subfield code="a">Enginyeria naval</subfield>
   </datafield>
   <datafield tag="653" ind2=" " ind1=" ">
      <subfield code="a">Embarcacions</subfield>
   </datafield>
   <datafield ind2="0" ind1="0" tag="245">
      <subfield code="a">Disseny d'un sistema de recuperació d'energia cinètica a partir del moviment longitudinal generat per les onades en una embarcació d'esbarjo</subfield>
   </datafield>
</record></metadata></record></GetRecord></OAI-PMH>